Atribución de uso de la vivienda familiar / (Registro nro. 5776)
[ vista simple ]
| 000 -LEADER | |
|---|---|
| fixed length control field | 00935nab a22002057a 4500 |
| 003 - CONTROL NUMBER IDENTIFIER | |
| control field | OSt |
| 005 - DATE AND TIME OF LATEST TRANSACTION | |
| control field | 20260105221349.0 |
| 008 - FIXED-LENGTH DATA ELEMENTS--GENERAL INFORMATION | |
| fixed length control field | 190514b xxu||||| |||| 00| 0 spa d |
| 040 ## - CATALOGING SOURCE | |
| Transcribing agency | PJ |
| 100 ## - MAIN ENTRY--PERSONAL NAME | |
| 9 (RLIN) | 3938 |
| Personal name | Nadalini, Gustavo M. |
| 245 10 - TITLE STATEMENT | |
| Title | Atribución de uso de la vivienda familiar / |
| Statement of responsibility, etc | Gustavo M. Nadalini. |
| 300 ## - PHYSICAL DESCRIPTION | |
| Extent | p. 6-18 |
| 505 ## - FORMATTED CONTENTS NOTE | |
| Formatted contents note | Sumario: I. Consideraciones generales.— II. Atribución del uso de la vivienda.— III. La atribución del uso de la vivienda en el matrimonio.— IV. La atribución de uso de la vivienda en las uniones convivenciales.— V. A modo conclusivo |
| 505 ## - FORMATTED CONTENTS NOTE | |
| Title | Si te interesa el texto, comunicate a koha@justierradelfuego.gov.ar |
| 650 #0 - SUBJECT ADDED ENTRY--TOPICAL TERM | |
| 9 (RLIN) | 967 |
| Topical term or geographic name as entry element | DERECHO DE FAMILIA |
| 650 #0 - SUBJECT ADDED ENTRY--TOPICAL TERM | |
| Topical term or geographic name as entry element | ATRIBUCIÓN DE LA VIVIENDA |
| 9 (RLIN) | 5573 |
| 650 #0 - SUBJECT ADDED ENTRY--TOPICAL TERM | |
| Topical term or geographic name as entry element | VIVIENDA FAMILIAR |
| 9 (RLIN) | 5362 |
| 773 0# - HOST ITEM ENTRY | |
| Host Biblionumber | 2844 |
| Host Itemnumber | 3222 |
| Place, publisher, and date of publication | Buenos Aires : AbeledoPerrot, 1989- |
| Title | Derecho de familia. N° 115 - Julio 2024 |
| International Standard Book Number | 18511201 |
| 942 ## - ADDED ENTRY ELEMENTS (KOHA) | |
| Source of classification or shelving scheme | |
| Koha item type | Analítica Artículo de Revista |
No hay ítems disponibles.
